| 000 | 00449nam a2200145 a 4500 | ||
|---|---|---|---|
| 001 | 429 | ||
| 003 | CDMR | ||
| 005 | 20130116135154.0 | ||
| 008 | 130130s ||||||||||||||||||||||||||||d | ||
| 040 |
_aCDMR _bcat _cCDMR |
||
| 110 | 2 |
_aCentre Transmediterraneen de la Communication (CTMC) _9303 |
|
| 245 | 1 | 0 |
_aCentre Transmediterraneen de la Communication _bEcole de Journelisme et Communication |
| 260 |
_aMarseille _bUniversité d'Aiix-Marseille |
||
| 942 | _cMON | ||
| 999 |
_c429 _d429 |
||